000 01491cam a2200373 a 4500
001 9251480
003 ZXMCNFGD
005 20220326193251.0
008 110811s2011 mx b 100 0 spa
010 _a 2011481694
020 _a9789968536257
020 _a9968536253
035 _a(OCoLC)ocn759992538
035 _a(OCoLC)759992538
035 _a(NNC)9251480
040 _aDLC
_beng
_cDLC
_dIQU
042 _apcc
050 0 0 _aPQ7082.P7
_bP6624 2011
082 _a861.44
_bE56m
100 _aCorrales Arias, Adriano
_9593
245 0 0 _aPoesía del encuentro :
_bmemoria del VIII Encuentro Internacional de Escritores Eunice Odio in memoriam, San José, Costa Rica, marzo del 2011 /
_cAdriano Corrales Arias, compilador.
246 3 0 _aMemoria del VIII Encuentro Internacional de Escritores Eunice Odio in memoriam
250 _a1. ed.
260 _a[San José, Costa Rica] :
_bArboleda,
_c2011.
300 _a143 p. ;
_c21 cm.
500 _aSelection of poems presented during the 8th Encuentro Internacional de Escritores Eunice Odio in memoriam, in San José, Costa Rica.
504 _aIncludes bibliographical references.
650 0 _aSpanish American poetry
_y21st century
_vCongresses.
_zCosta Rica
_9594
690 _aPoesia
_xLiteratura
700 1 _aCorrales Arias, Adriano,
_d1958-
_9595
711 2 _aEncuentro Internacional de Escritores Eunice Odio in memoriam
_n(8th :
_d2011 :
_cSan José, Costa Rica)
_9596
948 1 _a20120213
_bc
_cdc21
_dMPS
999 _c118
_d118